[Event "Titled Tuesday intern op 16th Apr Early"]
[Site "Chess.com INT"]
[Date "2024.04.16"]
[Round "3"]
[White "Novak, Ratko"]
[Black "Kriti, Mayur Patel"]
[Result "1-0"]
[WhiteElo "2034"]
[BlackElo "1787"]
[PlyCount "157"]
[EventDate "2024.04.16"]
[EventType "swiss (blitz)"]
[EventRounds "11"]
[EventCountry "USA"]
[SourceTitle "CB17_2024"]
[SourceDate "2024.04.24"]
[SourceVersion "1"]
[SourceVersionDate "2024.04.24"]
[SourceQuality "1"]

1. d4 d5 2. c4 e6 3. cxd5 exd5 4. Nc3 Nf6 5. f3 Bf5 6. Bg5 Be7 7. e3 Nbd7 8. Qb3 Nb6 9. a4 a5 10. Nge2 h6 11. Bh4 Nc4 12. Bf2 0-0 13. Ng3 Be6 14. e4 c6 15. e5 Nd7 16. Bxc4 dxc4 17. Qxb7 Rb8 18. Qxc6 Rxb2 19. 0-0 Rb3 20. Nge4 Rb6 21. Nf6+ Nxf6 22. Qxb6 Qxb6 23. d5 Qb4 24. Na2 Qb2 25. exf6 Qxf6 26. dxe6 fxe6 27. Rac1 Rc8 28. Nc3 Bb4 29. Ne4 Qe5 30. Rc2 c3 31. Rd1 Kh7 32. Rd7 Qf4 33. Bd4 Bf8 34. Kf2 Rb8 35. Bxc3 Rb3 36. Bd4 Rb4 37. Nf6+ Kg6 38. Ne4 e5 39. Be3 Rxe4 40. Bxf4 Rxf4 41. Rc6+ Kh7 42. Rc8 Bb4 43. Rcc7 Bf8 44. Rf7 Rxf7 45. Rxf7 Bb4 46. Ke3 Kg6 47. Rb7 Kf6 48. Ke4 Ke6 49. Rb6+ Kf7 50. Kxe5 Bd2 51. Kf5 Bc3 52. Rb7+ Kg8 53. Kg6 Kf8 54. f4 Bf6 55. g4 Bc3 56. h4 Bd4 57. g5 hxg5 58. fxg5 Bc3 59. h5 Bd2 60. h6 gxh6 61. gxh6 Bc3 62. h7 Ke8 63. h8Q+ Bxh8 64. Rb8+ Kd7 65. Rxh8 Kc6 66. Rb8 Kc5 67. Rb5+ Kc4 68. Kf6 Kd4 69. Ke6 Kc4 70. Kd6 Kd4 71. Rxa5 Kc4 72. Rb5 Kd4 73. Kc6 Kc4 74. a5 Kd4 75. a6 Kc4 76. a7 Kd4 77. a8Q Kc4 78. Qa4+ Kc3 79. Rb3+ 1-0

[Event "Titled Tuesday intern op 02nd Apr Early"]
[Site "Chess.com INT"]
[Date "2024.04.02"]
[Round "8"]
[White "Melillo, Lucius"]
[Black "Kriti, Mayur Patel"]
[Result "1-0"]
[WhiteElo "2274"]
[BlackElo "1787"]
[PlyCount "81"]
[EventDate "2024.04.02"]
[EventType "swiss (blitz)"]
[EventRounds "11"]
[EventCountry "USA"]
[SourceTitle "CB15_2024"]
[SourceDate "2024.04.10"]
[SourceVersion "1"]
[SourceVersionDate "2024.04.10"]
[SourceQuality "1"]

1. d4 d5 2. Nc3 Nf6 3. Bf4 a6 4. e3 e6 5. g4 c5 6. g5 Nfd7 7. Nf3 Nc6 8. h4 Be7 9. h5 b5 10. Qd2 b4 11. Ne2 a5 12. Bh3 a4 13. a3 c4 14. c3 bxa3 15. bxa3 Rb8 16. Kf1 Rb3 17. Kg2 Bxa3 18. g6 hxg6 19. hxg6 f6 20. Bxe6 Qe7 21. Rxh8+ Nf8 22. Bxc8 Rb2 23. Qe1 Na5 24. Rb1 Nb3 25. Rxb2 Bxb2 26. Ba6 a3 27. Bb5+ Kd8 28. Qh1 a2 29. Qh2 a1Q 30. Bd6 Qaa7 31. Bxe7+ Kxe7 32. Nf4 Qb7 33. Qh5 Qxb5 34. Nxd5+ Kd6 35. Rxf8 Qxd5 36. Rd8+ Kc6 37. Qxd5+ Kb6 38. Rd6+ Kc7 39. Qc6+ Kb8 40. Rd8+ Ka7 41. Ra8# 1-0

[Event "Titled Tuesday intern op 16th Jan Early"]
[Site "Chess.com INT"]
[Date "2024.01.16"]
[Round "2"]
[White "Jaiveer, Mahendru"]
[Black "Kriti, Mayur Patel"]
[Result "1-0"]
[WhiteElo "2294"]
[BlackElo "1645"]
[PlyCount "33"]
[EventDate "2024.01.16"]
[EventType "swiss (blitz)"]
[EventRounds "11"]
[EventCountry "USA"]
[SourceTitle "CB04_2024"]
[SourceDate "2023.10.16"]
[SourceVersion "1"]
[SourceVersionDate "2023.10.16"]
[SourceQuality "1"]

1. f4 d5 2. Nf3 c5 3. g3 Nc6 4. Bg2 Nf6 5. 0-0 Bf5 6. d3 e6 7. Qe1 Bd6 8. Nbd2 Ng4 9. e4 Bg6 10. h3 Nh6 11. exd5 Ne7 12. dxe6 fxe6 13. Ng5 Bf7 14. Nxe6 Bxe6 15. Qxe6 Qb6 16. Nc4 Rd8 17. Nxb6 1-0

[Event "Titled Tuesday intern op 16th Jan Early"]
[Site "Chess.com INT"]
[Date "2024.01.16"]
[Round "11"]
[White "Kriti, Mayur Patel"]
[Black "Baruch, Liam"]
[Result "1-0"]
[WhiteElo "1645"]
[BlackElo "1718"]
[PlyCount "123"]
[EventDate "2024.01.16"]
[EventType "swiss (blitz)"]
[EventRounds "11"]
[EventCountry "USA"]
[SourceTitle "CB04_2024"]
[SourceDate "2023.10.16"]
[SourceVersion "1"]
[SourceVersionDate "2023.10.16"]
[SourceQuality "1"]

1. e4 e5 2. Nf3 Nc6 3. Bc4 Bc5 4. c3 Nf6 5. d3 d6 6. Nbd2 Bg4 7. Bb3 0-0 8. h3 Be6 9. Nf1 Qd7 10. Ng3 Ne7 11. Nh4 Ng6 12. Nhf5 d5 13. Qf3 dxe4 14. dxe4 Bxb3 15. axb3 Qb5 16. b4 Bb6 17. h4 Rfe8 18. h5 Ne7 19. Bg5 Nxf5 20. Nxf5 Re6 21. Nxg7 Kxg7 22. h6+ Kf8 23. Bxf6 Qc6 24. Bg7+ Kg8 25. 0-0 Rg6 26. Rad1 Qe6 27. Rd5 c6 28. Rxe5 Qd6 29. Rf5 Qe6 30. Rf6 Qe7 31. e5 Bc7 32. e6 Rxf6 33. Bxf6 Qxe6 34. Rd1 Re8 35. g3 Be5 36. Bxe5 Qxe5 37. Rd7 Qe6 38. Rxb7 Qg6 39. Rxa7 Rd8 40. Rc7 Re8 41. Rxc6 Qb1+ 42. Kg2 Qe4 43. Qxe4 Rxe4 44. b5 Re8 45. b6 f5 46. b7 f4 47. Rc8 f3+ 48. Kxf3 Kf7 49. b8Q Re7 50. Rc7 Kf6 51. Rxe7 Kxe7 52. Qc7+ Kf6 53. b4 Kg6 54. b5 Kf6 55. b6 Kg5 56. b7 Kf5 57. b8Q Ke6 58. Qb5 Kf6 59. Qcc6+ Kf7 60. Qbb6 Ke7 61. Qbb7+ Kd8 62. Qcc8# 1-0

[Event "Titled Tuesday intern op 16th Jan Early"]
[Site "Chess.com INT"]
[Date "2024.01.16"]
[Round "9"]
[White "Kriti, Mayur Patel"]
[Black "Shkuran, Danylo"]
[Result "0-1"]
[WhiteElo "1645"]
[BlackElo "2329"]
[PlyCount "72"]
[EventDate "2024.01.16"]
[EventType "swiss (blitz)"]
[EventRounds "11"]
[EventCountry "USA"]
[SourceTitle "CB04_2024"]
[SourceDate "2023.10.16"]
[SourceVersion "1"]
[SourceVersionDate "2023.10.16"]
[SourceQuality "1"]

1. e4 c5 2. c3 Nf6 3. e5 Nd5 4. d4 cxd4 5. Nf3 Nc6 6. Bc4 Nb6 7. Bb3 e6 8. 0-0 dxc3 9. Nxc3 d6 10. exd6 Bxd6 11. Be3 0-0 12. Qe2 Nd5 13. Rfd1 Nxc3 14. bxc3 Qc7 15. Bc2 e5 16. Bxh7+ Kxh7 17. Ng5+ Kg8 18. Qh5 Bf5 19. Rd5 Bg6 20. Qh4 Be7 21. Rad1 Rad8 22. Rxd8 Rxd8 23. Rxd8+ Qxd8 24. h3 Bxg5 25. Bxg5 Qd1+ 26. Kh2 Qd3 27. c4 Qe4 28. Qg3 f6 29. Be3 Bf7 30. c5 Bxa2 31. Bd2 Bd5 32. f3 Qc2 33. Be1 Nd4 34. Qg4 Nxf3+ 35. Kg3 Nxe1 36. Qc8+ Kh7 0-1

[Event "Asia-ch Blitz U20 Girls"]
[Site "Jamshedpur"]
[Date "2023.09.15"]
[Round "8"]
[White "Wadifa, Ahmed"]
[Black "Kriti, Mayur Patel"]
[Result "0-1"]
[WhiteElo "1660"]
[BlackElo "1306"]
[PlyCount "98"]
[EventDate "2023.09.15"]
[EventType "swiss (blitz)"]
[EventRounds "9"]
[EventCountry "IND"]
[SourceTitle "EXT 2024"]
[Source "ChessBase"]
[SourceDate "2023.10.10"]
[SourceVersion "1"]
[SourceVersionDate "2023.10.10"]
[SourceQuality "1"]

1. e4 e5 2. Nf3 Nc6 3. Bb5 a6 4. Ba4 Nf6 5. 0-0 b5 6. Bb3 Bc5 7. c3 d6 8. d4 Bb6 9. a4 Rb8 10. a5 Ba7 11. h3 0-0 12. Be3 Ra8 13. Nbd2 h6 14. Re1 Re8 15. Qc2 Bb7 16. d5 Ne7 17. Bxa7 Rxa7 18. Nf1 Ng6 19. g3 Nh7 20. h4 Nf6 21. Ne3 c6 22. c4 c5 23. Nf5 Bc8 24. Nd2 b4 25. Ba4 Rf8 26. Qd3 Ne7 27. Nxe7+ Qxe7 28. Kg2 Nh5 29. Bc2 f5 30. exf5 Bxf5 31. Qb3 Qf6 32. Bxf5 Qxf5 33. Qe3 Raf7 34. Ne4 Qg4 35. Rf1 Rf3 36. Qe1 Nf4+ 37. Kg1 Qh3 38. gxf4 Qg4+ 39. Ng3 exf4 40. Qe6+ Qxe6 41. dxe6 fxg3 42. e7 Re8 43. fxg3 Rxg3+ 44. Kh2 Re3 45. Rad1 R8xe7 46. Rxd6 Re2+ 47. Kg1 R7e6 48. Rd8+ Kh7 49. Rff8 Rxb2 0-1

[Event "Asia-ch U20 Girls"]
[Site "Jamshedpur"]
[Date "2023.09.12"]
[Round "5"]
[White "Kriti, Mayur Patel"]
[Black "Bhagyashree, Patil"]
[Result "1-0"]
[WhiteElo "1435"]
[BlackElo "1879"]
[PlyCount "41"]
[EventDate "2023.09.09"]
[EventType "swiss"]
[EventRounds "9"]
[EventCountry "IND"]
[SourceTitle "EXT 2024"]
[Source "ChessBase"]
[SourceDate "2023.10.10"]
[SourceVersion "1"]
[SourceVersionDate "2023.10.10"]
[SourceQuality "1"]

1. e4 c5 2. c3 Nf6 3. e5 Nd5 4. d4 cxd4 5. Nf3 d6 6. Bc4 Nb6 7. Bb3 Nc6 8. exd6 Qxd6 9. 0-0 Be6 10. Na3 dxc3 11. Bxe6 Qxe6 12. Nb5 Rc8 13. Re1 c2 14. Qd2 Nc4 15. Qf4 Qd5 16. Qxc4 Qxc4 17. Nd6+ Kd7 18. Nxc4 f6 19. Ne3 Nb4 20. a3 Nd3 21. Re2 1-0

[Event "Asia-ch Rapid U20 Girls"]
[Site "Jamshedpur"]
[Date "2023.09.08"]
[Round "7"]
[White "Ahmed, Walijah"]
[Black "Kriti, Mayur Patel"]
[Result "0-1"]
[WhiteElo "1864"]
[BlackElo "1245"]
[PlyCount "54"]
[EventDate "2023.09.08"]
[EventType "swiss (rapid)"]
[EventRounds "9"]
[EventCountry "IND"]
[SourceTitle "EXT 2024"]
[Source "ChessBase"]
[SourceDate "2023.10.10"]
[SourceVersion "1"]
[SourceVersionDate "2023.10.10"]
[SourceQuality "1"]

1. e4 e5 2. Nf3 Nc6 3. Bc4 Nf6 4. d3 Bc5 5. c3 d6 6. 0-0 0-0 7. h3 Bb6 8. a4 a6 9. Re1 Be6 10. Bxe6 fxe6 11. b4 Qe8 12. Nbd2 Ne7 13. Nf1 Nh5 14. d4 Ng6 15. Be3 Nhf4 16. dxe5 dxe5 17. Bxb6 cxb6 18. N1h2 Rd8 19. Qc2 Qe7 20. Rad1 Rxd1 21. Rxd1 Nh4 22. Nxh4 Qxh4 23. Nf3 Nxh3+ 24. Kf1 Qh5 25. Qd3 Nf4 26. Qe3 Qh1+ 27. Ng1 Qxg2+ 0-1

[Event "Asia-ch Rapid U20 Girls"]
[Site "Jamshedpur"]
[Date "2023.09.08"]
[Round "1"]
[White "Keerti, Shree Reddy"]
[Black "Kriti, Mayur Patel"]
[Result "1-0"]
[WhiteElo "1618"]
[BlackElo "1245"]
[PlyCount "131"]
[EventDate "2023.09.08"]
[EventType "swiss (rapid)"]
[EventRounds "9"]
[EventCountry "IND"]
[SourceTitle "EXT 2024"]
[Source "ChessBase"]
[SourceDate "2023.10.10"]
[SourceVersion "1"]
[SourceVersionDate "2023.10.10"]
[SourceQuality "1"]

1. e4 e5 2. Nf3 Nc6 3. Bb5 a6 4. Ba4 Nf6 5. 0-0 b5 6. Bb3 Bc5 7. a4 Rb8 8. c3 d6 9. h3 0-0 10. Re1 Bb6 11. d4 h6 12. Na3 b4 13. Nc4 Qe8 14. Nxb6 Rxb6 15. Be3 Rb8 16. a5 bxc3 17. bxc3 Kh8 18. Bc2 Bb7 19. d5 Ne7 20. Rb1 Ng6 21. Ba7 Qd7 22. Ba4 Qe7 23. Bxb8 Rxb8 24. Bc6 Nf4 25. Rxb7 Ra8 26. Nh2 N6h5 27. Qf3 Rf8 28. Ba4 f5 29. exf5 Rxf5 30. Rb8+ Kh7 31. Bc2 Qf6 32. Bxf5+ Qxf5 33. Qe4 Qxe4 34. Rxe4 Nxd5 35. Rc4 Nhf4 36. Kf1 Nd3 37. Rc6 Nc5 38. c4 Nb4 39. Rxc7 Nbd3 40. Ng4 e4 41. Ne3 Ne5 42. Nf5 Ne6 43. Rcc8 Kg6 44. Ne7+ Kf7 45. Nc6 Nxc4 46. Nd8+ Nxd8 47. Rxd8 Ke6 48. Ra8 Nxa5 49. Rxa6 Nc4 50. Re8+ Kd5 51. Rg8 Kd4 52. Rxg7 d5 53. Rd7 Ne5 54. Rd8 Nf7 55. Rf8 Ne5 56. Rxh6 Kd3 57. Rd6 d4 58. Rfd8 Nf7 59. Rxd4+ Kc3 60. R8d5 e3 61. fxe3 Nh6 62. Rc5+ Kb3 63. Rd8 Nf7 64. Rb8+ Ka4 65. Rc7 Nd6 66. Ra7# 1-0

[Event "Titled Tuesday intern op 15th Aug Early"]
[Site "Chess.com INT"]
[Date "2023.08.15"]
[Round "10"]
[White "Kriti, Mayur Patel"]
[Black "Preobrazhenskaya, Diana"]
[Result "0-1"]
[WhiteElo "1538"]
[BlackElo "2056"]
[PlyCount "80"]
[EventDate "2023.08.15"]
[EventType "swiss (blitz)"]
[EventRounds "11"]
[EventCountry "USA"]
[SourceTitle "EXT 2024"]
[Source "ChessBase"]
[SourceDate "2023.10.10"]
[SourceVersion "1"]
[SourceVersionDate "2023.10.10"]
[SourceQuality "1"]

1. e4 c5 2. d4 cxd4 3. c3 dxc3 4. Nxc3 Nc6 5. Nf3 d6 6. Bc4 e6 7. 0-0 Nf6 8. Qe2 Be7 9. Rd1 Qc7 10. Nb5 Qb8 11. Bf4 e5 12. Bg5 a6 13. Bxf6 gxf6 14. Nc3 Bg4 15. Nd5 Nd4 16. Qe3 Bxf3 17. gxf3 Nc2 18. Qh6 Nxa1 19. Qg7 Rf8 20. Rxa1 b5 21. Bb3 Kd7 22. Nxf6+ Bxf6 23. Qxf6 Qd8 24. Qf5+ Kc7 25. Bxf7 Qe7 26. Rc1+ Kb6 27. Qe6 Qg5+ 28. Kf1 Qxc1+ 29. Ke2 Qxb2+ 30. Ke3 Qc3+ 31. Ke2 Qc4+ 32. Qxc4 bxc4 33. Bxc4 Kc5 34. Bd5 Rab8 35. Kd3 Rb2 36. Ke3 Rfb8 37. h4 R8b4 38. h5 Rd4 39. h6 Rbd2 40. f4 R4d3# 0-1

[Event "Titled Tuesday intern op 01st Aug Early"]
[Site "Chess.com INT"]
[Date "2023.08.01"]
[Round "11"]
[White "Kriti, Mayur Patel"]
[Black "Balla, Tamas Kristof"]
[Result "1-0"]
[WhiteElo "1538"]
[BlackElo "2303"]
[PlyCount "31"]
[EventDate "2023.08.01"]
[EventType "swiss (blitz)"]
[EventRounds "11"]
[EventCountry "USA"]
[SourceTitle "EXT 2024"]
[Source "ChessBase"]
[SourceDate "2023.10.10"]
[SourceVersion "1"]
[SourceVersionDate "2023.10.10"]
[SourceQuality "1"]

1. e4 c5 2. d4 cxd4 3. c3 Nf6 4. e5 Nd5 5. Nf3 Nc6 6. Bc4 Nb6 7. Bb3 d6 8. exd6 Qxd6 9. 0-0 dxc3 10. Nxc3 Qxd1 11. Rxd1 e6 12. Nb5 Rb8 13. Bf4 e5 14. Nxe5 g5 15. Bxf7+ Ke7 16. Bxg5# 1-0

[Event "Titled Tuesday intern op 01st Aug Early"]
[Site "Chess.com INT"]
[Date "2023.08.01"]
[Round "9"]
[White "Pein, Jonathan"]
[Black "Kriti, Mayur Patel"]
[Result "0-1"]
[WhiteElo "2276"]
[BlackElo "1538"]
[PlyCount "40"]
[EventDate "2023.08.01"]
[EventType "swiss (blitz)"]
[EventRounds "11"]
[EventCountry "USA"]
[SourceTitle "EXT 2024"]
[Source "ChessBase"]
[SourceDate "2023.10.10"]
[SourceVersion "1"]
[SourceVersionDate "2023.10.10"]
[SourceQuality "1"]

1. b3 d5 2. Bb2 c5 3. Nf3 Nc6 4. e3 f6 5. Bb5 Bd7 6. d4 e6 7. c4 b6 8. cxd5 exd5 9. dxc5 Bxc5 10. Qxd5 Nge7 11. Qh5+ g6 12. Qh6 Nf5 13. Qf4 Ne5 14. Nxe5 Bxb5 15. Ng4 Be7 16. Nd2 0-0 17. Nh6+ Nxh6 18. Qxh6 Bb4 19. Rd1 Qd3 20. Qh5 gxh5 0-1

[Event "Titled Tuesday intern op 13th Jun Early"]
[Site "Chess.com INT"]
[Date "2023.06.13"]
[Round "7"]
[White "Clawitter, Craig"]
[Black "Kriti, Mayur Patel"]
[Result "1/2-1/2"]
[WhiteElo "2050"]
[BlackElo "1436"]
[PlyCount "99"]
[EventDate "2023.06.13"]
[EventType "swiss (blitz)"]
[EventRounds "11"]
[EventCountry "USA"]
[SourceTitle "EXT 2024"]
[Source "ChessBase"]
[SourceDate "2023.10.10"]
[SourceVersion "1"]
[SourceVersionDate "2023.10.10"]
[SourceQuality "1"]

1. e4 e5 2. Nc3 Nf6 3. g3 Bc5 4. Bg2 Nc6 5. Nge2 0-0 6. 0-0 d6 7. Na4 Bb6 8. d3 Bg4 9. Nxb6 axb6 10. h3 Bh5 11. g4 Bg6 12. f4 exf4 13. Bxf4 Ne5 14. b3 Ra5 15. Ng3 Nfd7 16. d4 Nc6 17. Nf5 Bxf5 18. gxf5 Qh4 19. c3 Nf6 20. Qd2 h6 21. Rae1 Nh5 22. Bh2 Re8 23. a4 b5 24. d5 Ne5 25. c4 bxa4 26. Qxa5 axb3 27. Qxc7 b2 28. Qxd6 Nxc4 29. Qd7 Nf6 30. Qxb7 Nxe4 31. Rxe4 Rxe4 32. Bxe4 Qxe4 33. f6 Nd2 34. Qc8+ Kh7 35. fxg7 Kxg7 36. Qg4+ Qxg4+ 37. hxg4 Nxf1 38. Be5+ Kg6 39. Bxb2 Ne3 40. Kf2 Nxd5 41. Kf3 Nf6 42. Bc1 Nd5 43. Kg3 Ne7 44. Bd2 f5 45. gxf5+ Nxf5+ 46. Kh3 h5 47. Be1 Kg5 48. Kg2 Kg4 49. Kh2 h4 50. Bxh4 1/2-1/2

[Event "Titled Tuesday intern op 13th Jun Early"]
[Site "Chess.com INT"]
[Date "2023.06.13"]
[Round "9"]
[White "Georg, Heinz"]
[Black "Kriti, Mayur Patel"]
[Result "1-0"]
[WhiteElo "2118"]
[BlackElo "1436"]
[PlyCount "75"]
[EventDate "2023.06.13"]
[EventType "swiss (blitz)"]
[EventRounds "11"]
[EventCountry "USA"]
[SourceTitle "EXT 2024"]
[Source "ChessBase"]
[SourceDate "2023.10.10"]
[SourceVersion "1"]
[SourceVersionDate "2023.10.10"]
[SourceQuality "1"]

1. e4 e5 2. Nf3 Nc6 3. Nc3 Nf6 4. d4 exd4 5. Nd5 Bb4+ 6. Nxb4 Nxb4 7. e5 Nfd5 8. a3 Nc6 9. c4 Nb6 10. Bd3 d6 11. exd6 Qxd6 12. 0-0 Bg4 13. Re1+ Kd7 14. h3 Bh5 15. Bf5+ Kd8 16. c5 Qxc5 17. Be4 Kd7 18. Bxc6+ Qxc6 19. Qxd4+ Qd6 20. Ne5+ Kc8 21. Qh4 f6 22. Qxh5 fxe5 23. Be3 Nd5 24. Rad1 b6 25. Qf3 Rd8 26. Bg5 Rd7 27. Rd2 c6 28. Qe4 Kb7 29. Qxh7 Rf8 30. Qe4 Qc5 31. Be3 Qd6 32. Red1 Qf6 33. b4 Re7 34. b5 Nxe3 35. bxc6+ Qxc6 36. Rd7+ Rxd7 37. Rxd7+ Ka6 38. Qxc6 1-0